| 000 | 00394 a2200157 4500 | ||
|---|---|---|---|
| 001 | 171418 | ||
| 020 | _a | ||
| 040 | _cMagnum | ||
| 100 | _aBrandao, Maria do Carmo | ||
| 240 | 1 | 0 |
_aDom chicote sem mancha e seu amigo balanca-a-panca _lpor |
| 245 | 1 | 0 | _aDom chicote sem mancha e seu amigo balanca-a-panca |
| 362 | 0 | _a1899 | |
| 440 | 1 | _aRHJ | |
| 697 | _aIJ/AVENTURA, CRIANCAS | ||
| 942 | _cBK | ||
| 999 |
_c171418 _d171418 |
||